000 00308nam a22001337a 4500
003 SGT
082 _a658.3,AQU
100 _aAQUINAS,P.G
245 _aESSENTIALS OF ORGANISATION BEHAVIOUR
260 _aNEW DELHI
_bEXCEL BOOKS
_c2009
300 _a277
650 _aHUMAN RESOURCES MANAGEMENT
942 _2ddc
_cBK
999 _c9556
_d9556